000
00328nam a22001457a 4500
008
210527b ||||| |||| 00| 0 eng d
020
_a
9780816033317
041
_a
eng
080
_a
7
082
_a
7
100
_a
44
101
_a
ART
245
_a
Art of the Ancient Mediterranean World
_c
Bernice Wilson
942
_2
udc
_c
BK
999
_c
57702
_d
57702